| 000 | 00857cam a2200265 a 4500 | ||
|---|---|---|---|
| 001 | 4363854 | ||
| 005 | 20240201050025.0 | ||
| 008 | 900810s1991 enk b 001 0 eng | ||
| 020 | _a0803984146 | ||
| 020 | _a0803984154 (pbk.) | ||
| 040 |
_aDLC _cDLC _dDLC |
||
| 082 | 0 | 0 |
_a306 _220 _bMIK. |
| 100 | 1 | _aFeatherstone, Mike. | |
| 245 | 1 | 0 |
_aConsumer culture and postmodernism / _cMike Featherstone. |
| 260 |
_aLondon ; _aNewbury Park, Calif. : _bSage Publications, _c1991. |
||
| 300 | _axii, 164 p. ; | ||
| 490 | 1 | _aTheory, culture & society | |
| 500 | _aSpine title: Consumer culture & postmodernism. | ||
| 650 | 0 | _aPopular culture | |
| 650 | 0 | _aPostmodernism. | |
| 650 | 0 | _aConsumers | |
| 856 | 4 | 2 | _uhttp://www.loc.gov/catdir/enhancements/fy0656/90062833-d.html |
| 856 | 4 | 1 | _uhttp://www.loc.gov/catdir/enhancements/fy0656/90062833-t.html |
| 942 | _cL | ||
| 999 |
_c260 _d260 |
||